Guess the FIFA World Ranking of International Teams - Statistics

General Stats
  • This quiz has been taken 71 times
  • The average score is 13 of 25
Answers on the Grid
Answers color-coded by a green-red scale on the quiz's grid according to % correct below.
Argentina
Australia
Austria
Belgium
Brazil
Canada
China
Colombia
Croatia
Denmark
Ecuador
Egypt
England
France
Germany
Greece
Hungary
Iran
Italy
Ivory Coast
Japan
Mexico
Morocco
Netherlands
Nigeria
Norway
Poland
Portugal
Romania
Senegal
Serbia
Slovakia
South Korea
Spain
Sweden
Switzerland
Turkey
Ukraine
United States
Uruguay
 
Answer Stats
Answer % Correct
Argentina
96%
Brazil
88%
Croatia
88%
France
88%
England
83%
Belgium
79%
Germany
79%
Italy
71%
Netherlands
71%
Portugal
67%
Spain
67%
Denmark
58%
Mexico
46%
Morocco
46%
Colombia
42%
Japan
38%
Switzerland
38%
Uruguay
33%
United States
29%
Austria
13%
Ecuador
13%
Iran
13%
Senegal
13%
South Korea
8%
Ukraine
0%
No matching quizzes found
Score Distribution
Percent of People with Each Score
Percentile by Number Answered
Your Score History
You have not taken this quiz